Three letter Animal Quiz - Statistics

General Stats
  • This quiz has been taken 72 times
    51 since last reset
  • The average score is 21 of 47
Answer Stats
Answer % Correct
Cow
98%
Cat
93%
Dog
93%
Bat
89%
Ant
86%
Pig
84%
Rat
82%
Bee
68%
Eel
64%
Elk
64%
Fox
57%
Asp
55%
Emu
55%
Gnu
55%
Hog
55%
Owl
55%
Ewe
52%
Yak
52%
Ape
50%
Kit
50%
Ram
50%
Hen
45%
Pup
41%
Ass
39%
Cod
39%
Sow
39%
Boa
36%
Jay
36%
Kid
36%
Cob
34%
Koi
34%
Tit
34%
Goa
30%
Ray
27%
Ahi
25%
Auk
25%
Gar
25%
Kea
20%
Pen
20%
Tom
20%
Ani
16%
Eft
16%
Ono
16%
Fry
14%
Kob
11%
Olm
7%
Tul
2%
No matching quizzes found
Score Distribution
Percent of People with Each Score
Percentile by Number Answered
Your Score History
You have not taken this quiz since the last reset